[Event "Zilina op"]
[Site "Zilina"]
[Date "2013.09.01"]
[Round "7"]
[White "Mazur, Pavol"]
[Black "Sevcikova, Lucia"]
[Result "1/2-1/2"]
[WhiteElo "1051"]
[BlackElo "1049"]
[PlyCount "48"]
[EventDate "2013.08.29"]
[EventType "swiss"]
[EventRounds "7"]
[EventCountry "SVK"]
[SourceTitle "CBM 156 Extra"]
[Source "ChessBase"]
[SourceDate "2013.10.22"]
[SourceVersion "1"]
[SourceVersionDate "2013.10.22"]
[SourceQuality "1"]

1. c4 c5 2. e4 e5 3. Nc3 Nc6 4. b3 b6 5. g3 Be7 6. Bg2 Bb7 7. Bb2 Nf6 8. d3 0-0 9. Nge2 Re8 10. 0-0 Rc8 11. f4 exf4 12. Nxf4 Nd4 13. e5 Bxg2 14. Kxg2 Qc7 15. exf6 Qc6+ 16. Kg1 Bxf6 17. a4 a6 18. Ra2 Re7 19. Nce2 Nf3+ 20. Kf2 Bxb2 21. Rxb2 Nxh2 22. Nd5 Ree8 23. Rh1 Ng4+ 24. Kg1 h6 1/2-1/2